Incidencia de la depredación del León de montaña (Puma concolor) en el departamento del Quindio (Registro nro. 4878)
[ vista simple ]
| 000 -CABECERA | |
|---|---|
| Campo de control | 00742nam a2200205 a 4500 |
| 005 - FECHA Y HORA DE LA ULTIMA TRANSACCION | |
| Campo de control | 20171204142607.0 |
| 008 - ELEMENTOS DE LONGITUD FIJA—INFORMACION GENERAL | |
| Campo de control | 131030b2005 o|||fr|||| 00| 0 spa d |
| 040 ## - FUENTE DE CATALOGACIÓN | |
| Agencia catalogadora original | CO-BoIAVH |
| Agencia transcriptora | CO-BoIAVH |
| 041 0# - IDIOMA | |
| Código de idioma para texto/pista de sonido o título separado | Español |
| 044 ## - PAÍS DE PUBLICACIÓN | |
| País de publicación | Colombia |
| 082 04 - NUMERO DE CLASIFICACION DECIMAL DEWEY | |
| Número de clasificación | 333.9522 |
| Número del ítem | C88i |
| 110 ## - ASIENTO PRINCIPAL--NOMBRE CORPORATIVO | |
| Unidad subordinad | Corporación Autónima Regional del Quindío |
| 245 ## - MENCION DE TITULO | |
| Título | Incidencia de la depredación del León de montaña (Puma concolor) en el departamento del Quindio |
| 260 ## - PUBLICACION, DISTRIBUCION, ETC. (PIE DE IMPRENTA) | |
| Lugar de publicación, distribución, etc. | Colombia : |
| Nombre del editor, distribuidor, etc. | Corporación Autónoma Regional del Quindío ; |
| Fecha de publicación, distribución, etc. | 2005. |
| 300 ## - DESCRIPCION FISICA | |
| Extensión | 31 páginas |
| Otros detalles físicos | fotografías a color. |
| Dimensiones | 28 x 21 cm. |
| 504 ## - NOTA DE BIBLIOGRAFIA, ETC. | |
| Nota de bibliografía | Incluye referencias bibliográficas. |
| 650 26 - ASIENTO SECUNDARIO DE MATERIA - TERMINO TEMATICO | |
| Término temático o nombre geográfico como elemento de entrada | Puma |
| 650 26 - ASIENTO SECUNDARIO DE MATERIA - TERMINO TEMATICO | |
| Término temático o nombre geográfico como elemento de entrada | Puma |
| Subdivisión de forma | Estudio |
| Subdivisión geográfica | Quindío (Colombia) |
| 942 ## - ELEMENTOS ADICIONALES (KOHA) | |
| Tipo de ítem | Libro |
| Sistema de clasificación | Dewey Decimal Classification |
| Withdrawn status | Lost status | Sistema de Clasificación | Damaged status | No para préstamo | Colección | Ubicación Permanente | Ubicación actual | Fecha de adquisición | Total Checkouts | Número topográfico | Inventario / Código de Barras | Date last seen | Ejemplar | Price effective from | Tipo de material | Forma de adquisición |
|---|---|---|---|---|---|---|---|---|---|---|---|---|---|---|---|---|
| Dewey Decimal Classification | General | Bogotá | Bogotá | 30/10/2013 | LB-333.9522 C88i | 022546 | 30/10/2013 | Ej. 1 | 30/10/2013 | Libro | ||||||
| Dewey Decimal Classification | General | Bogotá | Bogotá | 30/10/2013 | LB-333.9522 C88i | 059185 | 30/10/2013 | Ej. 2 | 30/10/2013 | Libro | ||||||
| Local | Hemeroteca | Bogotá | Bogotá | 26/12/2019 | FG-0426 | 059186 | 26/12/2019 | Ej.3 | 26/12/2019 | Folleto | Donación | |||||
| Local | Hemeroteca | Bogotá | Bogotá | 31/01/2020 | FG-0426 | 044043 | 31/01/2020 | Ej. 4 | 31/01/2020 | Folleto | Donación |